000
00336nam a2200145Ia 4500
008
150201s2006 xx 000 0 und d
082
_a
618.92
_b
N06S
100
_a
SONS, S.T.
245
_a
NEONATAL DRUG FORMULARY
250
_a
1ST
260
_b
JAYPEE BROTHERS
_a
DELHI
_c
2006
300
_a
1-99
650
_a
PAEDIATRICS
942
_2
ddc
_c
BK
999
_c
55
_d
55